[Event "Wch U18 Girls"]
[Site "Porto Carras"]
[Date "2018.10.27"]
[Round "8"]
[White "Perry, Tal"]
[Black "Vanduyfhuys, Daria"]
[Result "1/2-1/2"]
[WhiteElo "1702"]
[BlackElo "2058"]
[PlyCount "126"]
[EventDate "2018.10.20"]
[EventType "swiss"]
[EventRounds "11"]
[EventCountry "GRE"]
[SourceTitle "CBM 187 Extra"]
[Source "ChessBase"]
[SourceDate "2018.11.04"]
[SourceVersion "1"]
[SourceVersionDate "2018.11.04"]
[SourceQuality "1"]

1. e4 c5 2. d4 cxd4 3. c3 dxc3 4. Nxc3 e6 5. Nf3 a6 6. Bc4 Nc6 7. a3 Nge7 8. 0-0 b5 9. Ba2 Ng6 10. Qe2 Be7 11. Rd1 0-0 12. Be3 Bb7 13. Rac1 Rc8 14. Qd3 Nge5 15. Nxe5 Nxe5 16. Qd4 Bf6 17. Qa7 Bc6 18. Qxa6 Rb8 19. f3 Bg5 20. Qa7 Bxe3+ 21. Qxe3 Qb6 22. Qxb6 Rxb6 23. Ne2 Nc4 24. Bxc4 bxc4 25. Rd2 d5 26. exd5 exd5 27. Nf4 Rb5 28. Ne2 Ba8 29. Nc3 Ra5 30. Rcd1 Rd8 31. Rd4 Rc5 32. Na4 Rc7 33. Nb6 Kf8 34. Rxc4 Rxc4 35. Nxc4 Rb8 36. Ne3 Rxb2 37. Nxd5 Bxd5 38. Rxd5 Ra2 39. Rd8+ Ke7 40. Ra8 h5 41. h4 g6 42. a4 Ke6 43. Kh2 Ke5 44. Kg3 Kf5 45. a5 Ra4 46. a6 Kf6 47. a7 Kf5 48. Kf2 Ra3 49. g3 Kf6 50. g4 hxg4 51. fxg4 Kg7 52. h5 gxh5 53. gxh5 f5 54. h6+ Kh7 55. Ke2 f4 56. Kf2 Ra2+ 57. Kf3 Ra3+ 58. Kxf4 Ra4+ 59. Ke5 Ra1 60. Kd5 Rd1+ 61. Kc4 Rc1+ 62. Kb3 Ra1 63. Kb2 Ra6 1/2-1/2

[Event "Wch U18 Girls"]
[Site "Porto Carras"]
[Date "2018.10.23"]
[Round "5"]
[White "Golsta, Madara"]
[Black "Perry, Tal"]
[Result "1/2-1/2"]
[WhiteElo "1938"]
[BlackElo "1702"]
[PlyCount "61"]
[EventDate "2018.10.20"]
[EventType "swiss"]
[EventRounds "11"]
[EventCountry "GRE"]
[SourceTitle "CBM 187 Extra"]
[Source "ChessBase"]
[SourceDate "2018.11.04"]
[SourceVersion "1"]
[SourceVersionDate "2018.11.04"]
[SourceQuality "1"]

1. c4 e5 2. Nc3 Nf6 3. g3 Nc6 4. Bg2 Bb4 5. Nd5 Nxd5 6. cxd5 Ne7 7. Nf3 Bd6 8. e4 0-0 9. 0-0 f5 10. d3 b6 11. b3 Ba6 12. Re1 Ng6 13. h4 f4 14. Bb2 fxg3 15. fxg3 Qe7 16. a3 Rxf3 17. Qxf3 Bc5+ 18. d4 exd4 19. b4 Rf8 20. Qb3 Bd6 21. e5 Nxe5 22. Bxd4 Qf6 23. Qc3 Nf3+ 24. Bxf3 Qxf3 25. Qxf3 Rxf3 26. Be5 Bxe5 27. Rxe5 Rxg3+ 28. Kh2 Rg4 29. Kh3 Rd4 30. Rae1 h6 31. R1e4 1/2-1/2

[Event "Wch U18 Girls"]
[Site "Porto Carras"]
[Date "2018.10.22"]
[Round "4"]
[White "Hrescak, Ivana"]
[Black "Perry, Tal"]
[Result "1/2-1/2"]
[WhiteElo "2173"]
[BlackElo "1702"]
[PlyCount "81"]
[EventDate "2018.10.20"]
[EventType "swiss"]
[EventRounds "11"]
[EventCountry "GRE"]
[SourceTitle "CBM 187 Extra"]
[Source "ChessBase"]
[SourceDate "2018.11.04"]
[SourceVersion "1"]
[SourceVersionDate "2018.11.04"]
[SourceQuality "1"]

1. d4 Nf6 2. c4 c5 3. d5 b5 4. cxb5 a6 5. bxa6 Bxa6 6. Nc3 g6 7. g3 d6 8. Bg2 Bg7 9. Nf3 Nbd7 10. Rb1 0-0 11. 0-0 Qa5 12. Bd2 Rfb8 13. a4 Qc7 14. b3 Nb6 15. Ng5 Qb7 16. Re1 Nfxd5 17. Nxd5 Nxd5 18. Bf4 e6 19. Bxd6 Rd8 20. Bxd5 exd5 21. Bxc5 Bc3 22. Nf3 Bxe1 23. Qxe1 Re8 24. Nd4 Qd7 25. Qd1 Rac8 26. b4 Bc4 27. Ra1 Qg4 28. e3 Qe4 29. Qf3 Qd3 30. Qd1 Qe4 31. Qf3 Qd3 32. Rd1 Qa3 33. a5 Rxc5 34. bxc5 Qxc5 35. Ra1 Ra8 36. Qf6 Qc7 37. Nc6 Ra6 38. Qd8+ Qxd8 39. Nxd8 d4 40. Nb7 d3 41. Nc5 1/2-1/2

[Event "Wch U16 Girls"]
[Site "Montevideo"]
[Date "2017.09.20"]
[Round "5"]
[White "Perry, Tal"]
[Black "Olde, Grete"]
[Result "0-1"]
[WhiteElo "1625"]
[BlackElo "1832"]
[PlyCount "94"]
[EventDate "2017.09.17"]
[EventType "swiss"]
[EventRounds "11"]
[EventCountry "URU"]
[SourceTitle "CBM 180 Extra"]
[Source "ChessBase"]
[SourceDate "2017.10.06"]
[SourceVersion "1"]
[SourceVersionDate "2017.10.06"]
[SourceQuality "1"]

1. e4 e5 2. Nf3 Nc6 3. Bc4 Bc5 4. d3 Nf6 5. c3 d6 6. b4 Bb6 7. a4 a5 8. b5 Ne7 9. 0-0 0-0 10. Bg5 Ng6 11. Nh4 Nxh4 12. Bxh4 h6 13. Kh1 Be6 14. Nd2 Kh8 15. Bb3 c6 16. Nc4 Bc7 17. Ne3 g5 18. Bg3 h5 19. h4 g4 20. f4 exf4 21. Bxf4 Bxb3 22. Qxb3 Nxe4 23. Nf5 Nc5 24. Qc4 Ne6 25. Bh6 Rg8 26. bxc6 d5 27. Qb5 bxc6 28. Qxc6 Rg6 29. Kg1 Nd4 30. Bg7+ Kh7 31. Qc5 Nxf5 32. Rxf5 Bb6 33. Qxb6 Qxb6+ 34. Bd4 Qe6 35. Rxh5+ Rh6 36. Re5 Qc6 37. Rf1 Rf8 38. Rg5 f6 39. Rxg4 Rg6 40. Rgf4 Qe6 41. h5 Rg4 42. R4f2 f5 43. Rb2 Qf7 44. h6 f4 45. Bg7 Re8 46. Rfb1 f3 47. Rb7 f2+ 0-1

[Event "Wch U16 Girls"]
[Site "Montevideo"]
[Date "2017.09.18"]
[Round "2"]
[White "Dongo, Melanie Dayanna"]
[Black "Perry, Tal"]
[Result "1-0"]
[WhiteElo "1782"]
[BlackElo "1625"]
[PlyCount "111"]
[EventDate "2017.09.17"]
[EventType "swiss"]
[EventRounds "11"]
[EventCountry "URU"]
[SourceTitle "CBM 180 Extra"]
[Source "ChessBase"]
[SourceDate "2017.10.06"]
[SourceVersion "1"]
[SourceVersionDate "2017.10.06"]
[SourceQuality "1"]

1. e4 e5 2. Nf3 Nc6 3. Bb5 a6 4. Ba4 Nf6 5. d3 b5 6. Bb3 Bc5 7. 0-0 d6 8. c3 h6 9. h3 0-0 10. Re1 Bb6 11. Nbd2 Ne7 12. Nf1 Ng6 13. d4 Re8 14. Ng3 Bb7 15. Bc2 Qd7 16. Be3 d5 17. exd5 exd4 18. Bxd4 Rxe1+ 19. Nxe1 Bxd4 20. Qxd4 Qxd5 21. Qxd5 Bxd5 22. Nd3 Re8 23. a4 Nd7 24. Nb4 Bb7 25. axb5 axb5 26. Bd3 Re5 27. Ra7 Nc5 28. Bxb5 Nf4 29. Bc6 Re1+ 30. Kh2 Bxc6 31. Nxc6 Nce6 32. Ra8+ Kh7 33. Nd8 Kg6 34. Nxe6 Nxe6 35. Ra4 h5 36. Rh4 f5 37. Rc4 Kg5 38. h4+ Kg6 39. f3 Re5 40. Rc6 Re1 41. b4 Re5 42. Ra6 Kf7 43. Ra5 Rxa5 44. bxa5 Nc5 45. Nxf5 g6 46. Nd4 Na6 47. Nc6 Ke6 48. Nb4 Nxb4 49. cxb4 Kd6 50. a6 Kc6 51. Kg3 Kb6 52. b5 c5 53. bxc6 Kxa6 54. Kf4 Kb6 55. Kg5 Kxc6 56. Kxg6 1-0

[Event "EU-ch U14 Girls 25th"]
[Site "Porec"]
[Date "2015.09.25"]
[Round "5"]
[White "Parhomenko, Anastasija"]
[Black "Perry, Tal"]
[Result "0-1"]
[WhiteElo "1549"]
[BlackElo "1531"]
[PlyCount "66"]
[EventDate "2015.09.21"]
[EventType "swiss"]
[EventRounds "9"]
[EventCountry "CRO"]
[SourceTitle "EXT 2016"]
[Source "ChessBase"]
[SourceDate "2015.10.08"]
[SourceVersion "1"]
[SourceVersionDate "2015.10.08"]
[SourceQuality "1"]

1. Nf3 d5 2. b3 Nf6 3. Bb2 c5 4. d4 e6 5. e3 Nbd7 6. Bd3 b6 7. Nbd2 Bb7 8. 0-0 Bd6 9. Ne5 0-0 10. f4 Qe7 11. Rf3 Ne4 12. Rh3 f6 13. Nxd7 Qxd7 14. Nxe4 dxe4 15. Bf1 Rad8 16. Qh5 g6 17. Qg4 Bc8 18. a4 Qc7 19. Bc4 f5 20. Qh4 Qe7 21. Qg3 Qc7 22. Rh6 Rf7 23. Qxg6+ hxg6 24. dxc5 Rg7 25. cxd6 Qxd6 26. Bd4 Qb4 27. c3 Qe7 28. a5 Rxd4 29. cxd4 bxa5 30. Rxa5 Qb4 31. Rb5 Qe1+ 32. Bf1 Qxe3+ 33. Kh1 Qf2 0-1